Michigan Wolverines Quiz - Statistics

General Stats
  • This quiz has been taken 21 times
  • The average score is 13 of 17
Answer Stats
Hint Answer % Correct
Who is the only* defensive player to win the Heisman Charles Woodson
100%
In-State rival Michigan State
100%
Michigan's biggest rival Ohio State
100%
Who was Michigan's MVP for that 2023 Championship Season? JJ Mccarthy
95%
Who did Michigan beat in the 2024 Rose Bowl along with the 2024 Reliaquest Bowl? Alabama
90%
Who holds the career rushing touchdowns record at Michigan? Blake Corum
90%
Michigan's Fight song The Victors
90%
Who did Michigan play in the 2024 National Championship game? Washington
90%
How many national titles? 12
80%
What WR won the Heisman at Michigan, and went on to become Super bowl MVP? Desmond Howard
75%
Where does Michigan play at? Michigan Stadium
75%
How many conference titles do the Wolverines have? 45
70%
What Heisman runner-up played for Michigan in 2021? Aiden Hutchinson
65%
What Michigan RB was on the Cover of CFB 25? Donovan Edwards
65%
What Michigan QB was on the Cover of NCAA Football 14? Denard Robinson
60%
Career passing yards leader at Michigan? Chad Henne
55%
Which Michigan coach won 4 with the Wolverines? Yost
45%
No matching quizzes found
Score Distribution
Percent of People with Each Score
Percentile by Number Answered
Your Score History
You have not taken this quiz